US Cities by Street Sign Logo - Statistics

General Stats
  • This quiz has been taken 46 times
  • The average score is 11 of 16
Answer Stats
Picture Answer % Correct
New York
98%
Philadelphia
88%
Denver
85%
Atlanta
73%
Chicago
73%
Phoenix
73%
Washington D.C.
73%
Boston
71%
Fort Worth
68%
Salt Lake City
68%
Orlando
61%
Portland
61%
San Diego
54%
Charlotte
46%
Oklahoma City
39%
Oakland
20%
No matching quizzes found
Score Distribution
Percent of People with Each Score
Percentile by Number Answered
Your Score History
You have not taken this quiz